Preliminary report on the manufacture of disposable wooden chopsticks

Bibliographic Details
Corporate Author: FEDERAL Industrial Development Authority
Format: Book
Published: Kuala Lumpur : FIDA , 1975
Subjects:

MARC

LEADER 00000cam a2200000 7i4500
001 0000001475
005 20010702.0
090 0 0 |a 674.8   |b FED 1975 
110 1 0 |a FEDERAL Industrial Development Authority   |c Industrial Studies and Surveys Division 
245 1 0 |a Preliminary report on the manufacture of disposable wooden chopsticks   |c Industrial Studies and Survey Unit, Federal Industrial Development Authority 
260 0 0 |a Kuala Lumpur :   |b FIDA ,   |c 1975 
300 |a [15] p. ;   |c 28 cm. 
650 0 0 |a Wooden products 
998 |a JPSM 
999 |a 0000002913   |b Monograph   |c Open Shelf   |e Default branch